One Word 'M' Movies Quiz Stats

Quiz Updated May 30, 2015

Challenge
Share
Tweet
Score 0/26 Timer 07:00
1 Play Today
% Correct
Madagascar
97.3%
Mulan
95.4%
Matilda
81.4%
Maleficent
77.8%
Moneyball
75.2%
Misery
73.5%
Milk
68.2%
Monster
67.1%
Memento
65.5%
Megamind
61.6%
Machete
60.9%
Maverick
56.9%
Moonraker
56.3%
% Correct
Miracle
55.4%
Moonstruck
55.1%
Mallrats
43.6%
Mermaids
37.5%
Mud
36.3%
Metropolis
36%
Manhattan
33.4%
Mousehunt
28.7%
Moon
27.9%
Multiplicity
26.6%
Marty
20%
Munich
19.2%
Melancholia
16.7%

You're not logged in!

Compare scores with friends on all Sporcle quizzes.
Sign Up with Email
OR
Log In

You Might Also Like...

Show Comments

Extras

Top Quizzes Today


Score Distribution

Your Account Isn't Verified!

In order to create a playlist on Sporcle, you need to verify the email address you used during registration. Go to your Sporcle Settings to finish the process.